000
00331nam a22001457a 4500
003
SGT
020
_a
978-8127269982
082
_b
SIN
100
_a
SINGH, S.S
245
_a
Soil Fertility and Nutrient Management
260
_a
NEW DELHI
_b
KALYANI PUBLISHER
_c
2016
300
_a
259
650
_a
AGRICULTURE
942
_2
ddc
_c
BK
_0
34
999
_c
13812
_d
13812